Statistiken für Die 20 höchsten PDC Darts Averages auf der Pro Tour

Klicken Sie hier um das Quiz zu spielen!

Allgemein

  • Dieses Quiz wurde 119 mal gespielt
  • Das Durchschnittsergebnis liegt bei 14 aus 20

Antwortstatistiken

PlatzDurchschnittLandDartsspieler% Korrekt
18117,94NiederlandeMichael van Gerwen
99%
16118,66SchottlandPeter Wright
98%
9123,53SchottlandGary Anderson
96%
4130,70SchottlandGary Anderson
96%
15118,66SchottlandGary Anderson
96%
14118,66SchottlandGary Anderson
96%
2133,35SchottlandGary Anderson
96%
1134,84AustralienKyle Anderson
95%
20117,12EnglandPhil Taylor
89%
10121,86EnglandPhil Taylor
89%
7127.01PortugalJose de Sousa
88%
8123,53NiederlandeRaymond van Barneveld
81%
3132.62EnglandMichael Smith
78%
12120,24EnglandAdrian Lewis
55%
13120.24EnglandDave Chisnall
42%
17118,66EnglandDave Chisnall
42%
11121,57WalesRichie Burnett
15%
5129,57IrlandMick McGowan
11%
6128,83EnglandTerry Jenkins
8%
19117,24EnglandJustin Pipe
4%

Verteilung der Resultate

Perzentil nach korrekt beantworteten Fragen

Anzahl Personen mit jedem Resultat

Ihre Resultats-Entwicklung

Sie haben dieses Quiz noch nicht gespielt